| 000 | 00570nam a2200217 a 4500 | ||
|---|---|---|---|
| 999 |
_c5442 _d5442 |
||
| 001 | 5442 | ||
| 003 | BD-JhCC | ||
| 005 | 20220131134021.0 | ||
| 008 | 171214s20132015bg |||a| || | 000 0 eng d | ||
| 035 | _a(BD-JhCC)5442 | ||
| 040 |
_aBD-JhCC _dBD-JhCC |
||
| 041 | _aeng | ||
| 082 |
_a570 _bBIO 2015 |
||
| 245 |
_aBiology First Paper Eleven-Twelve Class / _cMd. Nazim Uddin ... [et. all]. |
||
| 260 |
_aDhaka : _bNisharga Prokashani, _c2015. |
||
| 300 |
_a358 p. : _c24 cm. |
||
| 650 | _aBiology | ||
| 700 | _aUddin, Md. Nazim | ||
| 942 |
_2ddc _cBK _05 |
||